Limited war and American defense policy /

Bibliographic Details
Main Author: Deitchman, Seymour J.
Format: Book
Language:English
Published: Cambridge : M.I.T. Press, [1964]
Subjects:

MARC

Tag First Indicator Second Indicator Subfields
LEADER 00000cam a2200000 4500
001 in00000069237
005 20151008051413.0
008 720504s1964 mauab b 00010 eng
010 |a  64022133  
035 |a (OCoLC)00570321 
035 |9 AAG7668AM 
040 |a DLC  |c DLC  |d TXA  |d UtOrBLW 
043 |a n-us--- 
049 |a TXAM  |c [405897]  |a TXAS [mil]  |c 2 
050 0 0 |a UA23  |b .D43 
082 0 |a 355.0973 
092 |a 355.0973  |b D324 
100 1 |a Deitchman, Seymour J. 
245 1 0 |a Limited war and American defense policy /  |c [by] Seymour J. Deitchman. 
264 1 |a Cambridge :  |b M.I.T. Press,  |c [1964] 
300 |a x, 273 pages :  |b illustrations, maps. ;  |c 24 cm. 
336 |a text  |b txt  |2 rdacontent 
337 |a unmediated  |b n  |2 rdamedia 
338 |a volume  |b nc  |2 rdacarrier 
504 |a Bibliographical references included in "Notes" (pages 255-265). 
651 0 |a United States  |x Military policy. 
999 |a MARS 
999 f f |s fdb21ee1-c945-356a-8c62-d764857491dd  |i 99fb6666-83ae-3d71-8604-fcaad9ae7302  |t 0 
952 f f |p ric  |a Texas A&M University  |b Rellis Campus  |c Joint Library Facility  |d Remote Storage  |t 0  |e UA23 .D43  |h Library of Congress classification  |i unmediated -- volume  |m A14800803463 
952 f f |p noncirc  |a Texas A&M University  |b College Station  |c Cushing Memorial Library & Archives  |d Cushing: Ragan Military (Does not check out)  |t 0  |e UA23 .D43  |h Library of Congress classification  |i unmediated -- volume 
998 f f |a UA23 .D43  |t 0  |l Remote Storage 
998 f f |a UA23 .D43  |t 0  |l Cushing: Ragan Military (Does not check out)